000 00790cab a22002295a 4500
001 L150109
008 100602e20100529xxk 000 0 eng d
035 _a(Sirsi) u150109
041 0 _aeng
100 1 _aJordan, Melanie
245 0 0 _aExclusive rights
260 _c2010
490 _aEstates Gazette
_v(1021) 29 May 2010, 86-87(2)
520 _aRisks and benefits of using lockout or execlusivity agreements to minimise risks of purchasing property. Validity, enforceability, drafting issues highlighted. Reference to case law.
590 _aKA
650 2 4 _aWALFORD V MILES
650 2 4 _aPETROMEC INC V PETROLEO BRASILEIRO SA
650 2 4 _aPITT V PHH ASSET MANAGEMENT LTD
651 4 _aUnited Kingdom
_y
690 _aPROPERTY-PROPERTY ACQUISITION AND DISPOSAL
942 _n0
999 _c82400
_d82400